000 00867nam a2200229Ia 4500
005 20260430150750.0
008 008 250103s9999 xx 000 0 hin d
037 _aTheses
040 _aCRL
040 _bhin
040 _chin
041 _2hin
041 _ahin
084 _qCRL
100 _aदेवेन्द्र, ले.
_9866486
245 0 _aब्रहम्सूत्र भाष्य में शंकराचार्य द्वारा योगाचार विज्ञानबाद की आलोचना: एक दार्शनिक समीक्षा
260 _c2021
300 _a249पृ0
700 _aदिल्ली विश्वविद्यालय. कला संकाय. दर्शनशास्त्र विभाग
_9556174
942 _cTH
999 _c1850664
_d1850664